Statystyki dla Panśtwa większe niż milion km2

Kliknij tutaj aby rozwiązać quiz!

Ogólne statystyki

  • Ten quiz został rozwiązany 42 razy
  • Średni wynik to 24 z 30

Statystyki odpowiedzi

Wielkość
(w km2)
KontynentOdpowiedź% Poprawnych
7,741,220OceaniaAustralia
93%
8,514,877Ameryka Płd.Brazylia
93%
17,098,242EuropaRosja
93%
2,780,400Ameryka Płd.Argentyna
90%
9,596,691AzjaChiny
90%
2,724,900AzjaKazachstan
90%
9,826,675Ameryka Płn.Stany Zjednoczone
90%
2,344,858AfrykaDemokratyczna Republika Konga
88%
3,287,263AzjaIndie
88%
1,904,569AzjaIndonezja
88%
9,984,670Ameryka Płn.Kanada
88%
1,964,375Ameryka Płn.Meksyk
88%
1,285,216Ameryka Płd.Peru
88%
1,219,090AfrykaRepublika Południowej Afryki
88%
2,149,690AzjaArabia Saudyjska
85%
1,138,910Ameryka Płd.Kolumbia
85%
1,861,484AfrykaSudan
85%
1,001,450AfrykaEgipt
83%
1,648,195AzjaIran
83%
1,098,581Ameryka Płd.Boliwia
80%
1,564,116AzjaMongolia
80%
1,267,000AfrykaNiger
80%
1,284,000AfrykaCzad
78%
1,759,540AfrykaLibia
75%
2,208,920EuropaDania
68%
1,104,300AfrykaEtiopia
68%
2,381,741AfrykaAlgeria
65%
1,240,192AfrykaMali
65%
1,246,700AfrykaAngola
60%
1,030,700AfrykaMauritania
3%

Rozkład punktacji

Percentyl według liczby udzielonych odpowiedzi

Procent ludzi z każdym wynikiem

Twoja historia wyników

Nie rozwiązałeś tego quizu